Ethical issues in modern medicine

Sparad:
Bibliografiska uppgifter
Huvudupphovsman: Steinbock, Bonnie
Materialtyp: Bok
Språk:Undetermined
Publicerad: Boston McGraw-Hill 2003
Ämnen:
Taggar: Lägg till en tagg
Inga taggar, Lägg till första taggen!
Thư viện lưu trữ: Trung tâm Học liệu Trường Đại học Cần Thơ
LEADER 00528nam a2200193Ia 4500
001 CTU_130830
008 210402s9999 xx 000 0 und d
020 |c 78.1 
082 |a 174.2 
082 |b S819 
100 |a Steinbock, Bonnie 
245 0 |a Ethical issues in modern medicine 
245 0 |c Bonnie Steinbock , John D. Arras and Alex John London 
260 |a Boston 
260 |b McGraw-Hill 
260 |c 2003 
650 |a Medical ethics 
904 |i Giang 
980 |a Trung tâm Học liệu Trường Đại học Cần Thơ